000 005700000a22001930004500
003 LK-CoMWRAF
005 20231109115632.0
008 230817t1910 ||||| |||| 00| 0 eng d
040 _aLK-CoMWRAF
_dLK-CoMWRAF
_eLK-CoMWRAF
041 _aeng
082 _a398.2
_bPAR
100 _aParker, H.
245 _aVillage folk-tales of Ceylon;
_bVolume One
260 _aDehiwala:
_bTisara Prakasakayo,
_c1910
300 _aiii., 371p.
_bIndex included
650 _aFOLK-LORE- Sri Lanka
856 _uhttps://www.gutenberg.org/files/56614/56614-h/56614-h.htm
942 _cBK
999 _c2405
_d2405